000 nam a22 a 4500
999 _c4394
_d4394
003 AKMAL
005 20171030094546.0
008 170529s2003 my l 00 may d
020 _a9678914190 (kkt.):
_cRM37.50
040 _cAKMAL
082 0 4 _a342.595 PEK
_221
090 0 0 _a342.595
_bPEK
110 1 _aMalaysia
_9400
245 1 0 _aPerlembagaan dan undang-undang am: [panduan kepada calon-calon peperiksaan undang-undang kerajaan] :
_b(hingga 20hb Ogos 2003) /
_cdisusun oleh Lembaga Penyelidikan Undang-Undang
260 _aPetaling Jaya :
_bInternational Law Book Services,
_c2003
300 0 0 _axii, 734ms. ;
_c24cm
440 0 _aUNDANG-UNDANG MALAYSIA
_98556
650 0 _aAdministrative law
_zMalaysia
_9451
650 0 _aLaw
_zMalaysia
_9450
651 0 _aMalaysia
_xConstitutional law
_9436
710 2 _aLembaga Penyelidikan Undang-Undang
_98557
942 _2ddc
_cBOOK